Pokémon TCGP: Booster Expansions - Statistics

General Stats
  • This quiz has been taken 40 times
    11 since last reset
  • The average score is 5 of 7
Answer Stats
Answer % Correct
Genetic Apex
100%
Extradimensional Crisis
80%
Mythical Island
80%
Shining Revelry
80%
Space-Time Smackdown
70%
Celestial Guardians
50%
Triumphant Light
50%
No matching quizzes found
Score Distribution
Percent of People with Each Score
Percentile by Number Answered
Your Score History
You have not taken this quiz since the last reset